| 000 | 01019nam a22003015i 4500 | ||
|---|---|---|---|
| 001 | 11412 | ||
| 003 | ES-MaACL | ||
| 005 | 20250731233930.0 | ||
| 007 | t| | ||
| 008 | 921106s1992 sp ||||0| spa j | ||
| 020 | _a84-7100-596-4 | ||
| 040 |
_aM-BN _bspa _cM-BN |
||
| 080 | _a986.1"1810/22" | ||
| 080 | _a986.1"1822/32" | ||
| 100 | 1 |
_aGómez Hoyos, Rafael. _957983 |
|
| 245 | 1 | 3 |
_aLa independencia de Colombia / _cRafael Gómez Hoyos con la colaboración de Marta Gónzalez. |
| 260 |
_aMadrid : _bMAPFRE, _c[1992] |
||
| 300 |
_a380 p ; _c23 cm. |
||
| 490 | 1 |
_aColección Independencia de Iberoamérica ; _v11 |
|
| 500 | _aIndices. | ||
| 504 | _aBibliografía: p. [355]-367. | ||
| 651 | 4 |
_aColombia- _xHistoria- _y1810-1822, Guerra de la Independencia. _98075 |
|
| 651 | 4 |
_aColombia- _xHistoria- _y1822-1832. _98074 |
|
| 700 | 1 |
_aGonzález, Marta. _958364 |
|
| 830 | 0 | 0 |
_aColección Independencia de Iberoamérica _v11 _9179057 |
| 852 |
_aES-MaACL _jL-18737 _bR.124065 |
||
| 999 |
_c11412 _d11412 |
||